Frontiers in Group Dynamics (Record no. 5199)

MARC details
000 -CABECERA
campo de control de longitud fija 01928nam a22003377a 4500
003 - IDENTIFICADOR DEL NÚMERO DE CONTROL
campo de control OSt
005 - FECHA Y HORA DE LA ÚLTIMA TRANSACCIÓN
campo de control 20251125113944.0
008 - DATOS DE LONGITUD FIJA--INFORMACIÓN GENERAL
campo de control de longitud fija 250910b |||||||| |||| 00| 0 eng d
020 ## - NÚMERO INTERNACIONAL ESTÁNDAR DEL LIBRO
Número Internacional Estándar del Libro 0018-7267
020 ## - NÚMERO INTERNACIONAL ESTÁNDAR DEL LIBRO
Número Internacional Estándar del Libro 1741-282X
040 ## - FUENTE DE LA CATALOGACIÓN
Lengua de catalogación English
Centro/agencia transcriptor tbs
041 ## - CÓDIGO DE LENGUA
Código de lengua del texto/banda sonora o título independiente English
100 ## - ENTRADA PRINCIPAL--NOMBRE DE PERSONA
Nombre de persona Lewin, Kurt
9 (RLIN) 26581
245 ## - MENCIÓN DE TÍTULO
Título Frontiers in Group Dynamics
Resto del título : Concept, Method and Reality in Social Science
Mención de responsabilidad, etc. / Kurt Lewin
246 ## - FORMA VARIANTE DE TÍTULO
Título propio/Titulo breve Human Relations, 1(1), 5-41. https://doi.org/10.1177/001872674700100103 (Original work published 1947)
260 ## - PUBLICACIÓN, DISTRIBUCIÓN, ETC.
Nombre del editor, distribuidor, etc. Human Relations
Fecha de publicación, distribución, etc. 1947
362 ## - FECHAS DE PUBLICACIÓN Y/O DESIGNACIÓN SECUENCIAL
Fecha de publicación y/o designación secuencial Human Relations, 1(1), 5-41. https://doi.org/10.1177/001872674700100103 (Original work published 1947)
520 ## - SUMARIO, ETC.
Sumario, etc. One of the byproducts of World War II of which society is hardly aware is the new stage of development that the social sciences have reached. This development may, indeed, prove to be as revolutionary as the atom bomb. Applying cultural anthropology to modern rather than “primitive” cultures, experimenting with groups inside and outside the laboratory, and measuring the sociopsychological aspects of large social bodies—together with the combination of economic, cultural, and psychological fact-finding—are all developments that started before the war. However, by providing unprecedented facilities and by demanding realistic and workable solutions to scientific problems, the war greatly accelerated the shift of the social sciences to a new level of development.
653 ## - TÉRMINO DE INDIZACIÓN--NO CONTROLADO
Término no controlado Group dynamics
653 ## - TÉRMINO DE INDIZACIÓN--NO CONTROLADO
Término no controlado Field theory
653 ## - TÉRMINO DE INDIZACIÓN--NO CONTROLADO
Término no controlado Social psychology
653 ## - TÉRMINO DE INDIZACIÓN--NO CONTROLADO
Término no controlado Force-field analysis
653 ## - TÉRMINO DE INDIZACIÓN--NO CONTROLADO
Término no controlado Organisational change
653 ## - TÉRMINO DE INDIZACIÓN--NO CONTROLADO
Término no controlado Group behaviour
653 ## - TÉRMINO DE INDIZACIÓN--NO CONTROLADO
Término no controlado Action research
653 ## - TÉRMINO DE INDIZACIÓN--NO CONTROLADO
Término no controlado Social systems
653 ## - TÉRMINO DE INDIZACIÓN--NO CONTROLADO
Término no controlado Change processes
653 ## - TÉRMINO DE INDIZACIÓN--NO CONTROLADO
Término no controlado Unfreezing and refreezing
856 ## - LOCALIZACIÓN Y ACCESO ELECTRÓNICOS
Identificador Uniforme del Recurso <a href="https://journals-sagepub-com.hub.tbs-education.fr/doi/abs/10.1177/001872674700100103">https://journals-sagepub-com.hub.tbs-education.fr/doi/abs/10.1177/001872674700100103</a>
942 ## - ELEMENTOS DE ENTRADA AGREGADA (KOHA)
Fuente del sistema de clasificación o colocación Clasificación de Library of Congress
Holdings
Estado de retiro Estado de pérdida Fuente del sistema de clasificación o colocación Estado dañado No para préstamo Biblioteca de origen Biblioteca actual Fecha de adquisición Total de préstamos Fecha visto por última vez Identificador Uniforme del Recurso Precio válido a partir de Tipo de ítem Koha
    Clasificación de Library of Congress     TBS Barcelona TBS Barcelona 25/11/2025   25/11/2025 https://journals-sagepub-com.hub.tbs-education.fr/doi/abs/10.1177/001872674700100103 25/11/2025 Academic Article

Powered by Koha